Taylor Swift - You Need To Calm Down Lyrics - Statistics

General Stats
  • This quiz has been taken 182 times
  • The average score is 297 of 328
Answer Stats
Answer % Correct
be
100%
You
100%
you
100%
your
100%
a
99%
calm
99%
down
99%
I
99%
need
99%
oh-oh
99%
to
99%
like
98%
Like
98%
you're
98%
You're
98%
And
97%
and
97%
But
97%
but
97%
it
97%
so
97%
the
97%
are
96%
just
96%
loud
96%
my
96%
too
96%
i'm
95%
in
95%
never
95%
no
95%
on
95%
we
95%
We
95%
being
94%
don't
94%
me
94%
that
94%
it's
92%
less
92%
mad?
92%
at
91%
know
91%
7am
90%
gay
90%
not
90%
somebody
90%
stop
90%
anybody
88%
"hey,
88%
all
87%
made
87%
okay?"
87%
out
87%
can
86%
damn
86%
gown
86%
shade
86%
step
86%
who
86%
shots
85%
glad?
84%
street
84%
taking
84%
try
83%
When
83%
'Cause
82%
could
81%
that's
81%
Why
81%
Say
80%
say
80%
take
80%
bones
78%
'bout
78%
broke
78%
hate
78%
our
78%
parade
78%
knock
77%
Patron
77%
people
77%
tweet
77%
crowns
76%
dark
76%
fun
76%
is
76%
stones
76%
night
75%
cop
74%
learned
74%
with
74%
friends
73%
got
73%
gowns
73%
his
73%
i've
73%
trying
73%
ain't
72%
else
72%
girls
72%
lesson
72%
self
72%
would
72%
killing
71%
mess
71%
now
71%
rather
71%
sign
71%
stressin'
71%
see
70%
about
69%
comparing
69%
expression
69%
internet
69%
Making
69%
over
69%
taken
69%
ages
68%
must've
68%
snakes
68%
figured
67%
obsessin
67%
several
67%
there
67%
coming
65%
seats
65%
someone
65%
peace
63%
restore
61%
control
60%
missile
60%
scream
60%
Sunshine
60%
then
56%
urges
54%
No matching quizzes found
Score Distribution
Percent of People with Each Score
Percentile by Number Answered
Your Score History
You have not taken this quiz